000 004210000a22001690004500
003 MACL
005 20151229162506.0
008 151229b xxu||||| |||| 00| 0 eng d
040 _aMACL
_cMACL
041 _aEnglish
082 _a294.3/RHY
100 _aDavids, T W Rhys
_924264
245 _aBuddhist Birth Stories
260 _bGeorge Routledge & Sons Ltd
650 _aReligion
_924265
942 _cBK
_k294.3/DAV
_2ddc
999 _c36394
_d36394